Computer Assisted Broadcast Reporting (Record no. 642)

MARC details
000 -LEADER
Fixed length control field 00485nam a2200169 4500
003 - CONTROL NUMBER IDENTIFIER
Control field SEACOMMC
005 - DATE AND TIME OF LATEST TRANSACTION
Control field 20250421154429.0
008 - FIXED-LENGTH DATA ELEMENTS--GENERAL INFORMATION
Fixed length control field 241014b |||||||| |||| 00| 0 eng d
020 ## - INTERNATIONAL STANDARD BOOK NUMBER / ISBN
International Standard Book Number 978-81-72733-04-9
Price Rs.75.00
040 ## - CATALOGING SOURCE
Original cataloging agency SEACOMMC
082 ## - DEWEY DECIMAL CLASSIFICATION NUMBER
Classification number 07.430285
Book Number S 56
100 ## - MAIN ENTRY--PERSONAL NAME
Personal name Sengupta, Aditya
245 1# - TITLE STATEMENT
Title Computer Assisted Broadcast Reporting
Statement of responsibility Aditya Sengupta
260 ## - IMPRINT
Place of publication Delhi Authorspress
Name of publisher Authorspress
Date of publication 2006
650 ## - SUBJECT ADDED ENTRY--TOPICAL TERM
Topical term Journalism-Data Processing
942 ## - ADDED ENTRY ELEMENTS (KOHA)
Koha item type Books
Holdings
Withdrawn status Lost status Source of classification Damaged status Not for loan Home library Current library Date acquired Total Checkouts Call number Accession number Date last seen Price effective from Koha item type Copy number
    Dewey Decimal Classification     SEACOM MANAGEMENT COLLEGE SEACOM MANAGEMENT COLLEGE 11/10/2007   07.430285 S 56 M-457 14/10/2024 14/10/2024 Books  
    Dewey Decimal Classification     SEACOM MANAGEMENT COLLEGE SEACOM MANAGEMENT COLLEGE 11/10/2007   07.430285 S 56 M- 458 14/10/2024 14/10/2024 Books 1
    Dewey Decimal Classification     SEACOM MANAGEMENT COLLEGE SEACOM MANAGEMENT COLLEGE 11/10/2007   07.430285 S 56 M- 459 14/10/2024 14/10/2024 Books 2
© Seacom Engineering College, All rights reserved.    Powered by Koha